LIBRARY & INFORMATION CENTRE, KCAET, TAVANUR

ONLINE PUBLIC ACCESS CATALOGUE (OPAC)

Normal view MARC view
  • Mitra, Abhijit

Entry Personal Name

Number of records used in: 1

001 - CONTROL NUMBER

  • control field: 4104

003 - CONTROL NUMBER IDENTIFIER

  • control field: OSt

005 - DATE AND TIME OF LATEST TRANSACTION

  • control field: 20190520143224.0

008 - FIXED-LENGTH DATA ELEMENTS

  • fixed length control field: 190520|| aca||aabn | a|a d

040 ## - CATALOGING SOURCE

  • Original cataloging agency: OSt
  • Transcribing agency: OSt

100 ## - HEADING--PERSONAL NAME

  • Personal name: Mitra, Abhijit

670 ## - SOURCE DATA FOUND

  • Source citation: Work cat.: (OSt): Mitra, Abhijit, Foundation of Environmental Science, 2000
free website counter